| 000 | 00426nam a2200157 a 4500 | ||
|---|---|---|---|
| 005 | 20140310183242.0 | ||
| 008 | 041026s19uu xx 00 eng d | ||
| 020 | _a0446315001 | ||
| 050 |
_aPZ 3 _b.B2766 1995 |
||
| 100 | _aBarrett, William E. | ||
| 245 |
_aThe lilies of the field/. _cWilliam E. Barrett |
||
| 260 |
_aNew York ; _bWarner Books, _c1995. |
||
| 300 |
_a127 p. : _c17 cm. |
||
| 942 |
_cBK _2lcc |
||
| 999 |
_c20617 _d20617 |
||